| 000 | 01113cam a22003737a 4500 | ||
|---|---|---|---|
| 003 | CHAP | ||
| 005 | 20220817041140.0 | ||
| 008 | 971013s1992 r 00010 d | ||
| 010 | _a7473 | ||
| 011 | _a8445 | ||
| 035 | _a7671 | ||
| 040 | _cCHAP | ||
| 082 |
_a633.85 _bF32 |
||
| 110 | _aFAO | ||
| 245 | 0 | _aMinor oil crops | |
| 260 |
_aRome : _bFAO, _c1992 |
||
| 300 | _a241 p. | ||
| 410 | _aFAO | ||
| 490 | 0 |
_aFAO. Servicios agrÃcolas _v; 94 |
|
| 505 | _aContenido: Part. I. Edible oils -- Part. II. Non-edible oils -- Part. III. Essential oils | ||
| 590 |
_aBATCH-UPD _b10 _c20130110 _lUCH01 _h0238 |
||
| 590 |
_aBATCH-UPD _b10 _c20130110 _lUCH01 _h1626 |
||
| 590 |
_aBATCH-UPD _b10 _c20130409 _lUCH01 _h2304 |
||
| 590 |
_aBATCH-UPD _b10 _c20130914 _lUCH01 _h0611 |
||
| 590 |
_aCONVERSION _b10 _c20130109 _lUCH01 _h1305 |
||
| 650 | 1 | 4 |
_aPlantas oleaginosas. _989032 |
| 700 | 0 |
_aAxtell, B. L. _98907 |
|
| 700 | 0 |
_aFairman, R.M. _939348 |
|
| 810 | 0 | _aFAO | |
| 830 | 0 | 0 |
_aFAO. Servicios agrÃcolas _v; 94 _939697 |
| 901 | _aBK | ||
| 942 | _cLIBRO | ||
| 949 |
_a633.85 F32 _bBC _cFAO _d-17500 _eFAO1 _h83090 _i7671 _si |
||
| 999 |
_c7473 _d7473 |
||